Derecho constitucional comparado : tomo i /

Guardado en:
Autor Principal: Bidart Campos, Germán J.
Otros Autores: Carnota, Walter F.
Formato: Libro
Publicado: Buenos Aires : Ediar, 2001
Materias:
Etiquetas: Agregar Etiqueta
Sin Etiquetas, Sea el primero en etiquetar este registro!
LEADER 00964nam a22002055a 4500
001 CEM.cems013310
005 20100319114611.0
008 130507s2001##################000#0#####d
003 CEMS
020 |a 9505741227 
082 0 4 |a 342 
100 1 |a Bidart Campos, Germán J. 
245 1 0 |a Derecho constitucional comparado :  |b tomo i /  |c Germán J. Bidart Campos y Walter F. Carnota 
260 |a Buenos Aires :  |b Ediar,  |c 2001 
300 |a 212 p. 
505 0 |a Introducción -- Marcos generales -- Origen de las constituciones -- Clases de constituciones -- Rigidez y flexibilidad constitucionales -- Supremacía constitucional -- Control de constitucionalidad -- Desde el constitucionalismo clásico a la realidad -- Las mutaciones constitucionales -- El desarrollo -- Estado e iglesia -- Monarquías y repúblicas 
653 |a Derecho 
653 |a Derecho constitucional 
700 1 |a Carnota, Walter F. 
859 |a CEMS  |b BIB. CEMS - 11 de abril  |h 342  |i B473  |p 25511.08  |t Ej.1  |v I  |3 I